[Event "VII Sunway Sitges Open 2020"]
[Site "Sitges"]
[Date "2020.12.14"]
[Round "2.10"]
[White "Fier, Alexandr"]
[Black "Valenzuela Gomez, Fernando"]
[Result "1-0"]
[WhiteElo "2558"]
[BlackElo "2390"]
[Annotator "TA"]
[PlyCount "77"]
[EventDate "2020.12.13"]
[EventType "swiss"]
[EventCountry "ESP"]
[SourceTitle "playchess.com"]
[Source "ChessBase"]
[SourceQuality "1"]

{[%evp 23,77,27,30,27,21,16,29,29,23,0,0,0,0,0,0,0,0,0,0,-44,76,74,78,78,78,10,33,0,7,0,-9,-26,0,-30,75,76,78,53,61,66,354,296,286,233,206,164,215,216,233,231,633,638,1013,985,12837,12837]} 1. e4 c5 2. Nf3 d6 3. d4 cxd4 4. Nxd4 Nf6 5. Nc3 a6 6. f3 e5 7. Nb3 Be6 8. Be3 Be7 9. Qd2 O-O 10. O-O-O Nbd7 11. g4 b5 12. g5 Nh5 {is cutting edge theory.} 13. Kb1 {B90: Sicilian Najdorf: Unusual White 6th moves, 6 Be3 Ng4 and 6 Be3 e5.} Nb6 14. Na5 Rc8 15. a3 {White has an edge.} g6 16. Rg1 Qc7 17. Nd5 Nxd5 18. exd5 Bd7 19. c4 {19.h4 is vanishing.} Nf4 20. Rc1 Qd8 {[#]} 21. h4 $146 ({Predecessor:} 21. Nb7) 21... Re8 (21... Bf5+ $15 {keeps the upper hand.} 22. Ka1 {[#]} Nxd5 $1 {[%mdl 512]}) 22. Nc6 $1 $16 {[%cal Rc6d8]} Bxc6 23. dxc6 b4 24. Qxb4 ({Better is} 24. axb4 $16 Rxc6 25. Rg4 (25. Bxf4 exf4 26. Rg4 Bf8 $16)) 24... Rxc6 $11 25. Qa4 Qc7 26. h5 Rb8 27. h6 d5 28. Rc2 Bc5 (28... Qb7 $11 {remains equal.}) 29. Bxf4 $16 Bxg1 {[#]} 30. Bxe5 $1 {[%mdl 512]} Qxe5 31. Qxc6 Qe1+ $2 {[%mdl 8192] This costs Black the game.} (31... Be3 $14) 32. Ka2 $18 {aiming for Qf6.} Bd4 ({Wrong is} 32... Qxf1 $2 33. Qf6 $18) 33. cxd5 $40 {[%mdl 128] Hoping for f4. White attacks with force.} Qc1 {[%cal Rb8b2]} 34. Qe8+ ({Inferior is} 34. Rxc1 Rxb2+ 35. Ka1 Rc2+ 36. Kb1 Rb2+ 37. Ka1 Rc2+ 38. Kb1 Rb2+ 39. Ka1 $11) 34... Rxe8 35. Rxc1 Rb8 36. Rc2 (36. Bxa6 Rxb2+ 37. Ka1 Rh2+ 38. Kb1 Rb2+ 39. Ka1 Rh2+ 40. Kb1 Rb2+ 41. Ka1 $11) 36... a5 $2 (36... Be3 37. d6 (37. Bxa6 Bxg5 38. Rh2 Kf8 $16) 37... Bxg5) 37. d6 {White is clearly winning.} Kf8 {[#]} 38. Bb5 $1 {[%mdl 512]} Be3 (38... Rxb5 39. Rc8#) 39. d7 {Weighted Error Value: White=0.14/Black=0.53} 1-0

[Event "VII Sunway Sitges Open 2020"]
[Site "Sitges"]
[Date "2020.12.14"]
[Round "2.11"]
[White "Eden, James"]
[Black "Nevednichy, Vladislav"]
[Result "1/2-1/2"]
[WhiteElo "2323"]
[BlackElo "2546"]
[Annotator "TA"]
[PlyCount "136"]
[EventDate "2020.12.13"]
[EventType "swiss"]
[EventCountry "ESP"]
[SourceTitle "playchess.com"]
[Source "ChessBase"]
[SourceQuality "1"]

{[%evp 19,136,28,18,26,14,0,14,-13,22,8,42,-34,-40,-40,-34,-37,-28,-28,67,99,112,12,21,0,0,0,0,0,0,-52,32,43,44,43,42,23,45,15,59,0,-12,-55,-13,-16,22,12,25,21,117,122,122,123,143,95,93,89,154,150,162,162,158,156,307,309,304,260,266,195,195,197,204,155,181,131,168,169,160,157,168,165,165,166,176,178,182,135,178,175,158,135,134,127,100,0,0,0,0,-8,-8,-9,-8,-8,-8,-8,-8,-8,-8,-8,0,0,0,-8,-8,-8,-8,-8,-8,-8,-8]} 1. e4 c5 2. Nf3 d6 3. d4 cxd4 4. Nxd4 Nf6 5. Nc3 Nc6 6. Bg5 e6 7. Qd2 a6 8. O-O-O h6 9. Bh4 {Recently 9.Nxc6 got a lot of attention.} Nxe4 10. Qf4 Ng5 11. Qe3 {B66: Sicilian: Richter-Rauzer: 7...a6 8 0-0-0 h6.} Nxd4 12. Qxd4 e5 {[#]} 13. Qe3 $146 ({Predecessor:} 13. Qb4 Be7 14. Nd5 O-O 15. g3 Be6 16. Qxb7 Bxd5 17. Qxd5 e4 18. Bc4 Qb6 19. Bxg5 Bxg5+ 20. Kb1 Bf6 21. Bb3 a5 {½-½ (21) Organdziev,O (2277)-Danchevski,O (2411) Struga 2009}) 13... Be6 14. g3 f6 15. Bd3 (15. Bg2 $14) 15... Nf7 $15 16. Bg6 Be7 17. Nd5 O-O 18. Qb3 Nh8 {[#]} (18... Qd7 $11) 19. Bf5 $1 $14 {[%mdl 512]} Bf7 (19... Bxf5 20. Nxf6#) 20. Qxb7 (20. g4 $1 $16) 20... Re8 $11 21. g4 Ng6 $36 {[%mdl 2048] Threatens to win with ...Rb8. Black has good play.} 22. Bg3 Bf8 $1 23. Be4 Qa5 24. Nc3 (24. Qc7 $11 Qxa2 25. Nc3) 24... Rab8 (24... Ne7 $1 $15 25. Rxd6 Rab8 26. Qxa6 (26. Rxa6 $2 Qc5 $19) 26... Qb4) 25. Rd5 $1 $14 {[%cal Rd5a5]} Qxc3 {[#]} 26. Qxf7+ $1 {[%mdl 512]} Kxf7 27. bxc3 Rb6 28. c4 Be7 29. c5 (29. Rd3 $14) 29... dxc5 $11 30. Rhd1 Reb8 {Hoping for ...f5!} (30... f5 $5 31. gxf5 Bg5+ 32. R1d2 Nf4 33. Rxc5 Kf8 $15) 31. c3 Rb2 32. Rd7 Nf8 33. Ra7 {aiming for f4.} g5 (33... c4 $1 $11 {keeps the balance.}) 34. Rxa6 $16 c4 35. Ra7 R2b6 36. a4 {[%cal Ba2a4,Ba4a5,Ba5a6][%mdl 32]} Ke8 37. a5 Ba3+ (37... Rb3 $142) 38. Kd2 Rd6+ 39. Ke1 {Rxd6 is the strong threat.} Rxd1+ 40. Kxd1 Ne6 $2 (40... Bc5 $16 41. Rc7 Ne6) 41. a6 $18 Nc5 42. Bg6+ Kd8 43. Rf7 {Black must now prevent a7.} Nxa6 44. Rxf6 Nc7 45. Bxe5 {Strongly threatening Rf7.} Rb5 46. Bd4 Bc5 47. Bxc5 Rxc5 {[%mdl 4096] Endgame [#] KRB-KRN} 48. Be4 $1 Ra5 49. Rxh6 Nb5 {[#]} 50. Rh3 $1 Ra3 51. Kd2 Ra2+ 52. Ke1 Ra1+ 53. Ke2 Ra3 54. Re3 Rxc3 55. Rxc3 Nxc3+ $16 {KB-KN} 56. Kf3 ({White should try} 56. Ke3 $16) 56... Ke7 $11 {The position is equal.} 57. Bc2 Kf6 58. Kg3 Ne2+ 59. Kg2 c3 60. Bf5 Nd4 61. Bd3 {Cut Off at move 61} Ke5 62. Kg3 Ne2+ 63. Kf3 ({Don't go for} 63. Bxe2 $2 c2 $19) 63... Nf4 64. Bc2 Nd5 65. Bb1 Nb4 66. Kg3 c2 {[#]} 67. Bxc2 $1 {[%mdl 512]} Nxc2 68. h4 gxh4+ {White really could win this.  Weighted Error Value: White=0.20/Black=0.19} 1/2-1/2

[Event "VII Sunway Sitges Open 2020"]
[Site "Sitges"]
[Date "2020.12.14"]
[Round "2.12"]
[White "Krysa, Leandro"]
[Black "Garcia Ramos, Daniel"]
[Result "1-0"]
[WhiteElo "2531"]
[BlackElo "2380"]
[Annotator "RC"]
[PlyCount "69"]
[EventDate "2020.12.13"]
[EventType "swiss"]
[EventCountry "ESP"]
[SourceTitle "playchess.com"]
[Source "ChessBase"]
[SourceQuality "1"]
[TimeControl "40/5400+30:1800+30"]

1. Nf3 {[%emt 0:00:00]} Nf6 {[%emt 0:00:42]} 2. c4 {[%emt 0:00:21]} c6 {[%emt 0:00:37]} 3. Nc3 {[%emt 0:00:22]} d5 {[%emt 0:00:17]} 4. d4 {[%emt 0:00:10]} e6 {[%emt 0:00:15]} 5. Bg5 {[%emt 0:00:20]} h6 {[%emt 0:00:52]} 6. Bxf6 {[%emt 0:00:08]} Qxf6 {[%emt 0:00:06]} 7. Qb3 {[%emt 0:00:05]} Nd7 {[%emt 0:03:53]} 8. e4 {[%emt 0:00:14]} dxe4 {[%emt 0:03:46]} 9. Nxe4 {[%emt 0:00:09]} Qf4 {[%emt 0:02:26]} 10. Bd3 {[%emt 0:01:05]} e5 {[%emt 0:17:24]} 11. O-O {[%emt 0:00:46]} Be7 {[%emt 0:00:51]} 12. Rae1 {[%emt 0:13:06]} exd4 {[%emt 0:03:47]} 13. Bb1 {[%emt 0:08:39]} O-O {[%emt 0:20:46]} 14. Ng3 {[%emt 0:17:51]} Nc5 {[%emt 0:06:55]} 15. Qc2 {[%emt 0:20:48]} d3 {[%emt 0:00:39]} 16. Qd1 {[%emt 0:00:32]} Bg5 17. b4 {[%emt 0:15:21]} d2 {[%emt 0:19:11]} 18. Re3 {[%emt 0:02:04]} Ne6 {[%emt 0:05:57]} 19. Qc2 {[%emt 0:03:48]} Rd8 {[%emt 0:02:44]} 20. Qh7+ {[%emt 0:03:05]} Kf8 {[%emt 0:00:06]} 21. Rd1 {[%emt 0:02:29]} g6 {[%emt 0:04:22]} 22. Nxg5 {[%emt 0:06:05]} Qxg5 {[%emt 0:01:30]} 23. Rf3 {[%emt 0:01:16]} Nf4 {[%emt 0:00:36]} 24. h4 {[%emt 0:01:08]} Qxh4 {[%emt 0:01:49]} 25. Qh8+ {[%emt 0:01:33]} Ke7 {[%emt 0:00:05]} 26. Qe5+ {[%emt 0:00:20]} Ne6 {[%emt 0:00:07]} 27. Ne4 {[%emt 0:00:37]} f5 {[%emt 0:03:11]} 28. g3 {[%emt 0:00:23]} Qg4 {[%emt 0:00:05]} 29. Qf6+ {[%emt 0:00:41]} Ke8 {[%emt 0:00:04]} 30. Rxd2 {[%emt 0:01:00]} Qxf3 {[%emt 0:01:21]} 31. Qxg6+ {[%emt 0:00:11]} Ke7 {[%emt 0:00:12]} 32. Qf6+ {[%emt 0:00:32]} Ke8 {[%emt 0:00:05]} 33. Rxd8+ {[%emt 0:00:23]} Nxd8 {[%emt 0:00:05]} 34. Nd6+ {[%emt 0:00:04]} Kd7 {[%emt 0:00:09]} 35. Bxf5+ {[%emt 0:00:12]} 1-0

[Event "VII Sunway Sitges Open 2020"]
[Site "Sitges"]
[Date "2020.12.14"]
[Round "2.13"]
[White "Esplugas Esteve, Vicenc"]
[Black "Lopez Martinez, Josep Manuel"]
[Result "1-0"]
[WhiteElo "2319"]
[BlackElo "2542"]
[Annotator "TA"]
[PlyCount "81"]
[EventDate "2020.12.13"]
[EventType "swiss"]
[EventCountry "ESP"]
[SourceTitle "playchess.com"]
[Source "ChessBase"]
[SourceQuality "1"]

{[%evp 10,81,45,37,50,43,43,-209,57,38,84,85,96,103,117,116,132,132,123,114,114,116,133,129,120,108,100,70,65,62,91,75,100,95,98,89,87,93,91,82,102,64,62,60,58,58,63,72,91,87,102,102,237,237,228,232,568,568,436,432,416,675,586,696,615,663,614,545,29959,29958,5676,5651,5531,5159]} 1. e4 e5 2. Nf3 Nc6 3. Bb5 a6 4. Ba4 g6 5. d4 exd4 6. Nxd4 {[#]} b5 $146 {C70: Ruy Lopez: 3...a6 4 Ba4, Norwegian and Delayed Schliemann.} ({Predecessor:} 6... Bg7 7. Nxc6 bxc6 8. O-O Ne7 9. Nc3 O-O 10. Bg5 Rb8 11. Bb3 h6 12. Be3 d6 13. Ba7 Rxb3 14. axb3 {0-1 (65) Andreikin,D (2725)-Sevian,S (2647) chess.com INT 2019}) 7. Nxc6 dxc6 8. Qxd8+ Kxd8 {Black is clearly better.} 9. Bb3 Ke8 10. O-O Bb7 11. Bf4 Bg7 12. c3 ({Weaker is} 12. Bxc7 Bxb2 13. Nd2 Bxa1 $15) 12... Rc8 13. a4 Nf6 14. Nd2 Nd7 15. Bc2 Nc5 16. Be3 Rd8 17. Rfd1 Bf8 18. Nb3 Rxd1+ 19. Rxd1 Nxb3 20. Bxb3 Be7 21. f3 g5 22. e5 Bc8 23. Bc2 Bd7 24. Kf2 h5 25. g3 g4 26. f4 h4 27. Kg2 hxg3 28. hxg3 c5 29. axb5 Bxb5 30. Be4 Rh6 {[#]} (30... c4 $16 {was called for.}) 31. f5 $1 $18 Rh5 32. Bf4 {Black must now prevent f6.} Bg5 $2 (32... f6 {is tougher.} 33. e6 Kf8 34. Bxc7 c4) 33. f6 Bxf4 34. gxf4 {[%mdl 4096] Endgame KRB-KRB} c4 35. Kg3 Rh3+ 36. Kxg4 Re3 37. Bf5 {[#] Strongly threatening Rh1.} Bc6 {...Bf3+ is the strong threat.} 38. Rg1 {aiming for Kh4.} Re2 39. Kh3 {[%cal Rg1g8]} Kf8 40. Bh7 {[%csl Gh7][%cal Rg1g8]} Bd7+ 41. f5 {Weighted Error Value: White=0.03/Black=0.33} 1-0

[Event "VII Sunway Sitges Open 2020"]
[Site "Sitges"]
[Date "2020.12.14"]
[Round "2.14"]
[White "Mendonca, Leon Luke"]
[Black "Unuk, Laura"]
[Result "0-1"]
[WhiteElo "2516"]
[BlackElo "2346"]
[Annotator "TA"]
[PlyCount "114"]
[EventDate "2020.12.13"]
[EventType "swiss"]
[EventCountry "ESP"]
[SourceTitle "playchess.com"]
[Source "ChessBase"]
[SourceQuality "1"]

{[%evp 9,114,25,27,26,29,27,27,27,22,28,22,0,0,0,0,0,17,0,39,44,36,26,41,29,33,27,32,-7,-7,0,8,-8,-14,-33,-47,-68,-76,-53,0,-62,-72,-68,-71,-67,0,0,0,0,15,-234,18,12,19,12,127,7,7,7,8,0,7,7,26,0,0,-101,-101,-108,-108,-108,-108,-157,-127,-209,-216,-218,-211,-249,-227,-218,-216,-246,-242,-225,-225,-391,-391,-391,-391,-763,-735,-871,-859,-1175,-1104,-1311,-1308,-1219,-1152,-1124,-1105,-1245,-1141,-966,-919,-759,-742]} 1. d4 Nf6 2. c4 e6 3. Nf3 d5 4. Nc3 a6 5. cxd5 exd5 6. Bg5 {D37: Queen's Gambit Declined: 5 Bf4.} c6 7. Qc2 Be6 $1 {[%mdl 4] outshines the older 7...Be7.} 8. e3 {White has an edge.} Bd6 9. Bd3 Nbd7 10. O-O Qc7 11. Bh4 h6 12. Bg3 O-O 13. b4 Nh5 {[%cal Rh5g3]} 14. Bxd6 Qxd6 15. Rab1 {[#]} g6 $146 ({Predecessor:} 15... f5 16. Rfe1 b5 17. Ne2 Nb6 18. Ne5 Nc4 19. Bxc4 dxc4 20. Ng6 Rf6 21. Nef4 Nxf4 22. Nxf4 {1-0 (53) Costachi,M (2471)-Suvorov,L (2279) Chess.com INT 2020}) 16. a4 Bg4 17. Nd2 Ng7 18. e4 dxe4 19. Ncxe4 Qxd4 20. h3 Bf5 21. Nf3 Qb6 22. Nd6 {[%cal Rd3f5]} Bxd3 23. Qxd3 Rad8 (23... Nf6 $15) 24. a5 (24. Qe3 $11) 24... Qc7 $15 {aiming for ...Nf6.} 25. Ne4 f5 26. Qc4+ Kh7 ({Black should try} 26... Rf7 $15 27. Nc5 Nxc5 28. bxc5 Re8) 27. Neg5+ $11 hxg5 28. Nxg5+ Kh6 29. Qh4+ Nh5 30. Ne6 $1 {[%csl LRc7,LRd8,LRf8][%mdl 64] Double Attack} Qb8 31. Rfe1 {Strongly threatening Rbd1.} Rde8 ({Wrong is} 31... Kh7 $2 32. g4 $18) (31... Rfe8 $1 $11) 32. Qg5+ (32. g4 $16 Rg8 33. gxh5) 32... Kh7 33. Nxf8+ Nxf8 34. Rbd1 Kg8 {And now ...Rxe1+ would win.} 35. Re7 Qc8 36. Rd6 {White wants to mate with Rxg6+.} Ng7 37. Qf6 (37. g3 $11 {keeps the balance.}) 37... Rxe7 $17 {Black converts the advantage convincingly.} 38. Qxe7 {[#] Black must now prevent Rd8!} Qe8 $1 {[%cal Re8e7]} 39. Qxe8 Nxe8 40. Rd4 Kf7 41. Kf1 {[#]} (41. Rd8 $17) 41... Ke7 $1 $19 42. Ke2 Nf6 43. Kd3 Ne6 44. Rh4 Kf7 45. Rc4 Nd5 46. g3 Ng5 47. g4 $2 (47. Ke2 {might work better.}) 47... Nxh3 48. gxf5 gxf5 49. Rh4 $2 (49. Ke2) 49... Nxf2+ {Black is clearly winning.} 50. Ke2 Ne4 51. Rh7+ Ke6 52. Rxb7 Nd6 53. Rb8 Ke5 54. Kf3 Kd4 55. Rd8 Nb5 56. Rf8 Kc4 57. Kf2 Nd4 {Weighted Error Value: White=0.46/Black=0.09} 0-1

[Event "VII Sunway Sitges Open 2020"]
[Site "Sitges"]
[Date "2020.12.14"]
[Round "2.15"]
[White "Msellek, Ilyass"]
[Black "Cuenca Jimenez, Jose Fernando"]
[Result "1-0"]
[WhiteElo "2316"]
[BlackElo "2528"]
[Annotator "TA"]
[PlyCount "103"]
[EventDate "2020.12.13"]
[EventType "swiss"]
[EventCountry "ESP"]
[SourceTitle "playchess.com"]
[Source "ChessBase"]
[SourceQuality "1"]

{[%evp 11,103,5,17,6,16,11,15,15,25,6,8,10,10,18,18,14,18,10,20,14,24,14,11,12,25,12,10,8,11,11,15,25,8,13,18,15,38,39,62,62,68,42,112,110,106,89,98,98,89,98,185,177,193,200,206,200,203,200,356,83,90,0,306,197,508,526,527,527,643,387,804,800,804,793,766,480,775,773,759,801,747,528,1067,1029,1491,1493,1448,1324,3921,3613,2914,2565,2271,2261]} 1. e4 e5 2. Nf3 Nc6 3. Bb5 a6 4. Ba4 Nf6 5. Nc3 b5 6. Bb3 Be7 7. a4 {C77: Ruy Lopez: 3...a6 4 Ba4 Nf6, unusual lines.} Rb8 8. axb5 axb5 9. d3 {The position is equal.} d6 10. Nd5 Nxd5 11. Bxd5 Nb4 12. Bb3 c5 13. c3 Nxd3+ 14. Qxd3 {Black must now prevent Bd5.} c4 15. Bxc4 $1 bxc4 16. Qxc4 O-O 17. O-O Be6 {[#]} 18. Qd3 $146 ({Predecessor:} 18. Qe2 Qc7 19. Re1 h6 20. Nd2 f5 21. exf5 Rxf5 22. Ne4 Rbf8 23. Be3 Qc6 24. Ng3 {1-0 (34) Wohl,A (2428)-Ermeni,A (2311) Biel 2006}) 18... Qc7 19. Nd2 Rfc8 20. Rd1 Qc6 21. Nf1 Bc4 22. Qf3 Qb5 {Threatening ...Be2.} 23. Qg3 Be2 24. Re1 Bd3 25. Ra7 Re8 26. Qf3 d5 (26... Ra8 $14 27. Rxa8 (27. Rc7 Bc4 $15) 27... Rxa8) 27. exd5 $16 e4 28. Qg3 Bc5 29. Bh6 {[%csl Gh6][%cal Rg3g7]} Bf8 30. Bf4 Rbd8 (30... Ra8 $16 {is a better defense.} 31. Rxa8 Rxa8) 31. Ne3 $18 Qxb2 32. Be5 $40 {[%mdl 128] Black is in trouble.} Ra8 {[#]} 33. Rxa8 $1 Rxa8 34. h4 h5 $2 (34... Kh8 35. Nf5 f6) 35. Qg5 $2 (35. c4 $18 {is more deadly.} Qb4 36. Rc1) 35... Ra2 $16 {[#]} 36. Qg3 $2 (36. Bg3 $1 $16) 36... Ra8 $1 $18 {White stays focused until the end.} 37. d6 {And now Qg5 would win.} Qd2 $2 (37... Qb5 {is more resistant.} 38. Rd1 Ra5) 38. Rd1 Qe2 39. Kh2 Kh7 40. Qf4 f6 $2 (40... Kg8 41. c4 f6) 41. Qf5+ {White is clearly winning.} Kh8 42. Bg3 Qa2 43. Qxh5+ Kg8 {[#]} 44. c4 $1 Rd8 (44... Bxc4 45. Nxc4) 45. Qd5+ Kh8 46. c5 Qa3 47. h5 Kh7 48. Qf5+ Kh8 {[#]} 49. h6 $1 Qa4 (49... gxh6 50. Qxf6+) 50. hxg7+ Bxg7 51. Qh5+ Kg8 52. Qd5+ {Weighted Error Value: White=0.31/Black=0.23} 1-0

[Event "VII Sunway Sitges Open 2020"]
[Site "Sitges"]
[Date "2020.12.14"]
[Round "2.16"]
[White "Checa, Nicolas"]
[Black "Yu, Jennifer"]
[Result "1-0"]
[WhiteElo "2527"]
[BlackElo "2328"]
[Annotator "TA"]
[PlyCount "111"]
[EventDate "2020.12.13"]
[EventType "swiss"]
[EventCountry "ESP"]
[SourceTitle "playchess.com"]
[Source "ChessBase"]
[SourceQuality "1"]

{[%evp 22,111,16,2,52,34,37,27,28,27,33,28,32,24,32,22,40,24,22,25,30,26,37,14,27,24,22,25,23,24,29,26,41,30,31,8,75,54,124,65,68,69,77,87,72,80,73,76,152,162,141,158,150,123,190,170,166,174,160,164,152,49,43,41,44,20,61,63,61,59,76,48,163,160,641,640,29978,29979,29981,29982,29982,29983,29983,29984,29980,29981,29981,29982,29982,29983,29983,29984]} 1. d4 Nf6 2. c4 e6 3. Nf3 d5 4. Bg5 Bb4+ 5. Nc3 h6 6. Bxf6 Qxf6 7. Qb3 Bxc3+ 8. Qxc3 c6 9. e3 Nd7 10. Bd3 dxc4 11. Bxc4 O-O 12. O-O c5 {D43: Semi-Slav: 5 Bg5 h6.} 13. Rfd1 {[#]} Nb6 $146 ({Predecessor:} 13... a6 14. Qa3 b6 15. Bb5 Rd8 16. Bc6 Ra7 17. dxc5 Nxc5 18. Qb4 Nd7 19. Qd6 Rf8 {1-0 (31) Dubov,D (2683)-Yu,Y (2726) Wijk aan Zee 2020}) 14. Be2 cxd4 $1 {White has an edge.} 15. Qxd4 Qxd4 16. Nxd4 e5 17. Nb5 Bd7 18. Nd6 Bc6 19. Bf3 Bxf3 $1 20. gxf3 Rab8 21. Rac1 Rfd8 22. Kf1 Rd7 23. Ke2 Kf8 24. b3 g6 25. Rd2 Ke7 26. Rcd1 Rc7 27. a4 a5 28. Nb5 Rc6 (28... Rd7 $11 {remains equal.}) 29. e4 f5 ({Better is} 29... f6 $14) 30. Rd6 (30. exf5 $16 gxf5 31. f4 exf4 32. Kf3) 30... Rbc8 $14 31. f4 {Hoping for exf5.} exf4 32. exf5 gxf5 33. Kf3 Rxd6 34. Rxd6 $16 {[%mdl 4096] Endgame KRN-KRN} (34. Nxd6 Rc3+ 35. Kxf4 Rxb3 $11) 34... Nd7 ({Black should try} 34... Rc6 35. Rxc6 bxc6) 35. Rxh6 ({Reject} 35. Kxf4 $6 Rc2 $11) 35... Ne5+ 36. Kxf4 {[%mdl 64] Double Attack} Nd3+ 37. Ke3 Nc5 (37... Nc1 $16) 38. Nd4 Nxb3 {And now ...Rc3+ would win.} 39. Nxf5+ ({Don't play} 39. Nxb3 $6 Rc3+ 40. Kd4 Rxb3 $11) ({Weaker is} 39. Rh7+ Kf6 $11) 39... Kd7 {[#]} 40. Rh7+ $1 Ke6 41. Kf4 (41. Rxb7 $16 {Threatens to win with Ng7+.} Rc3+ 42. Kf4) 41... Nc5 $14 42. Rh6+ Kd7 43. h4 {Black should prevent Ke5.} Nxa4 44. Rh7+ Ke6 $1 45. Rxb7 Kf6 {Strongly threatening ...Rc4+.} 46. Nd6 Rf8 (46... Nc5 $1 $14) 47. Ne4+ $18 Kg6+ $2 (47... Ke6+ $16 48. Ke3 Rh8) 48. Kg4 Rf5 49. f4 {White mates.} Rf7 50. h5+ Kg7 {[#]} 51. h6+ $1 {[%mdl 512]} Kg6 (51... Kxh6 52. Rxf7) 52. Rxf7 Kxf7 53. Kg5 Nb6 {[#]} 54. Nd6+ $1 Kf8 55. Kg6 Nd5 56. h7 {Weighted Error Value: White=0.09/Black=0.47} 1-0

[Event "VII Sunway Sitges Open 2020"]
[Site "Sitges"]
[Date "2020.12.14"]
[Round "2.17"]
[White "Garcia Gimenez, Santiago"]
[Black "Bellahcene, Bilel"]
[Result "0-1"]
[WhiteElo "2300"]
[BlackElo "2510"]
[Annotator "TA"]
[PlyCount "54"]
[EventDate "2020.12.13"]
[EventType "swiss"]
[EventCountry "ESP"]
[SourceTitle "playchess.com"]
[Source "ChessBase"]
[SourceQuality "1"]

{[%evp 11,54,0,-15,-7,-12,-8,0,-7,-38,-28,-14,-111,-116,-111,-114,-142,-143,-122,-127,-242,-247,-260,-256,-340,-333,-330,-351,-405,-374,-577,-582,-691,-431,-891,-477,-1687,-1702,-1687,-1670,-1558,-1454,-1395,-1341,-29997,-295]} 1. e4 c5 2. Nf3 d6 3. Nc3 Nf6 4. e5 dxe5 5. Nxe5 a6 6. a4 Qc7 7. d4 {B50: Sicilian: 2...d6, Miscellaneous.} e6 {And now ...cxd4 would win.} 8. Bf4 {Threatens to win with Ng6.} Bd6 9. Bg3 {The position is equal.} O-O {[#]} 10. Be2 $146 ({Predecessor:} 10. Qd3 Nc6 11. Nxc6 Qxc6 12. dxc5 Bxc5 13. Be2 Bd7 14. Bf3 Qb6 15. O-O Rac8 16. Ne4 {½-½ (27) Nightingale,D (2507)-Yakovlev,O (2397) ICCF email 2019}) 10... Rd8 11. Qd2 (11. Qd3 $1 $11) 11... Nc6 $17 12. Nxc6 bxc6 {[%cal Bb7c6,Bc6c5][%mdl 32]} 13. Rd1 {aiming for dxc5.} Bxg3 14. hxg3 cxd4 15. g4 (15. Qd3 $17) 15... Bb7 $19 16. Nb1 c5 17. Bf3 Bxf3 18. gxf3 Qb7 19. Rh3 Qxb2 20. Qd3 {[#]} (20. c4 {keeps fighting.} Rab8 21. Qxb2 Rxb2 22. Nd2) 20... c4 $1 21. Qxc4 Rac8 22. Qxa6 (22. Qd3 $142 Qxc2 23. Qxc2 Rxc2 24. Na3) 22... Qxc2 23. Nd2 (23. Qd3 $142 Qxa4 24. Qa3) 23... Nd5 24. Rh1 Rc6 25. Qa5 Rdc8 {( -> ...Qxd1+!)} 26. Ne4 Qb3 27. Nd2 {[#]} Qxd1+ $1 {[%mdl 576] Remove Defender. White got outplayed after the opening.  Weighted Error Value: White=1.19/Black=0.32} 0-1